South African Slang - Statistics

General Stats
  • This quiz has been taken 22 times
  • The average score is 5 of 15
Answer Stats
Hint Answer % Correct
barbeque braai
92%
dry meat biltong
85%
hello howzit
62%
sausage boerewors
46%
fried chips slap chips
46%
party jol
38%
enjoyable lekker
38%
brother boet
31%
hangover babbelas
23%
nice/symphathy shame
23%
gossip skinner
23%
alcohol dop
15%
oh no eish
8%
yes yebo
8%
sleep doss
0%
No matching quizzes found
Score Distribution
Percent of People with Each Score
Percentile by Number Answered
Your Score History
You have not taken this quiz